[Event "Bad. Jug-EM 2018 U20-U20w"]
[Site "Karlsruhe-Durlach"]
[Date "2018.01.05"]
[Round "6.1"]
[White "Ziegler, Ruben"]
[Black "Stallknecht, Britta"]
[Result "0-1"]
[WhiteElo "700"]
[BlackElo "1848"]
[PlyCount "120"]
[EventDate "2018.??.??"]
[WhiteTeam "BG Buchen"]
[BlackTeam "SK Großsachsen"]

1. e4 d5 2. exd5 Qxd5 3. Nc3 Qa5 4. Nf3 Nf6 5. Bc4 c6 6. Qe2 Bf5 7. Bd3 Bxd3 8.
Qxd3 e6 9. O-O Be7 10. Qe2 O-O 11. d3 Nbd7 12. Bd2 Qc7 13. g3 Rfe8 14. Ne4 Nd5
15. a3 N7f6 16. c4 Nb6 17. Ba5 Qc8 18. b3 Nbd7 19. Bc3 b6 20. b4 Nxe4 21. Qxe4
Bf6 22. Bxf6 Nxf6 23. Qe2 c5 24. b5 Nd7 25. Nd2 Rd8 26. Rad1 Qc7 27. Rfe1 Nf8
28. Nf3 Ng6 29. a4 a6 30. Ne5 Nxe5 31. Qxe5 Qxe5 32. Rxe5 axb5 33. axb5 Ra3 34.
Re3 Rc3 35. Kf1 Rxc4 36. dxc4 Rxd1+ 37. Ke2 Rd4 38. Rd3 Rxd3 39. Kxd3 Kf8 40.
Ke4 Ke7 41. g4 f6 42. f3 g6 43. f4 Kd6 44. f5 exf5+ 45. gxf5 g5 46. h3 h5 47.
Kd3 Ke5 48. Ke3 Kxf5 49. Kf3 Ke5 50. Ke3 f5 51. Kd3 f4 52. Ke2 Ke4 53. Kf2 f3
54. Kf1 Ke3 55. Ke1 f2+ 56. Kf1 h4 57. Kg2 Ke2 58. Kh2 f1=R 59. Kg2 Rf2+ 60.
Kh1 Kf3 0-1

[Event "Bad. Jug-EM 2018 U20-U20w"]
[Site "Karlsruhe-Durlach"]
[Date "2018.01.05"]
[Round "6.2"]
[White "Brückner, Xuan Paul"]
[Black "Hochscheidt, Lukas"]
[Result "0-1"]
[WhiteElo "856"]
[BlackElo "1766"]
[PlyCount "62"]
[EventDate "2018.??.??"]
[WhiteTeam "SC Brombach"]
[BlackTeam "SSV Bruchsal"]

1. e4 g6 2. d4 Bg7 3. Nf3 c5 4. dxc5 Qa5+ 5. Bd2 Qxc5 6. Nc3 d6 7. Bb5+ Bd7 8.
Bxd7+ Nxd7 9. Na4 Qc4 10. Bc3 Qxe4+ 11. Qe2 Qxe2+ 12. Kxe2 Ngf6 13. Rhe1 b5 14.
Bxf6 Bxf6 15. Nc3 Rc8 16. Nxb5 Rxc2+ 17. Nd2 O-O 18. a4 Rxb2 19. Reb1 Rc2 20.
Na3 Rxd2+ 21. Kxd2 Bxa1 22. Rxa1 Rb8 23. Nb5 a6 24. Nc7 Nc5 25. h3 Rb2+ 26. Ke3
a5 27. Nb5 Nxa4 28. Rxa4 Rxb5 29. f4 Kg7 30. g4 Kf6 31. Ke4 Rb4+ 0-1

[Event "Bad. Jug-EM 2018 U20-U20w"]
[Site "Karlsruhe-Durlach"]
[Date "2018.01.05"]
[Round "6.3"]
[White "Kraus, Jens"]
[Black "Kühn, Kolja"]
[Result "0-1"]
[WhiteElo "1103"]
[BlackElo "2125"]
[PlyCount "140"]
[EventDate "2018.??.??"]
[WhiteTeam "SK Lahr"]
[BlackTeam "SK Ötigheim"]

1. f4 d5 2. Nf3 g6 3. e3 Bg7 4. Nc3 Nf6 5. b3 Ne4 6. Bb2 Nxc3 7. Bxc3 Bxc3 8.
dxc3 Be6 9. Bd3 Qd6 10. Qe2 Nd7 11. c4 Qb4+ 12. Qd2 Qxd2+ 13. Nxd2 Nb6 14. cxd5
Nxd5 15. Kf2 O-O-O 16. Rhd1 Rd7 17. Ne4 Bg4 18. Rd2 Nb4 19. h3 Bf5 20. Nc5 Rd5
21. a3 Nxd3+ 22. Nxd3 Rhd8 23. Rad1 h5 24. Kf3 Bxd3 25. Rxd3 Rxd3 26. Rxd3 Re8
27. g4 hxg4+ 28. hxg4 Rh8 29. g5 Rh2 30. c4 a5 31. a4 c6 32. Ke4 Rg2 33. Kd4
Rg4 34. Ke5 Rg3 35. c5 Kc7 36. Kd4 Rf3 37. Kc4 Rf1 38. Kd4 Rf2 39. Kc3 e5 40.
fxe5 Rf5 41. Kd4 Rxg5 42. e4 Kd7 43. Rf3 Ke7 44. b4 Rg1 45. bxa5 Ra1 46. Rb3
Rxa4+ 47. Ke3 Rxa5 48. Rxb7+ Ke6 49. Kd4 Ra4+ 50. Kd3 g5 51. Rb8 Kxe5 52. Re8+
Kf6 53. Rg8 Ra1 54. Kd4 Rd1+ 55. Kc4 Rg1 56. Kd4 g4 57. Rc8 Kg5 58. Ke5 g3 59.
Rxc6 g2 60. Rc8 f6+ 61. Ke6 Kf4 62. Rg8 Kxe4 63. c6 Rc1 64. c7 Rxc7 65. Rxg2
Rc6+ 66. Kd7 Ra6 67. Rg6 Ke5 68. Kc7 Ra1 69. Kc6 f5 70. Rd6 Ra6+ 0-1

[Event "Bad. Jug-EM 2018 U18w - U16w"]
[Site "Karlsruhe-Durlach"]
[Date "2018.01.05"]
[Round "6.2"]
[White "Wagner, Lena"]
[Black "Schneider, Xenia"]
[Result "0-1"]
[WhiteElo "1259"]
[BlackElo "1424"]
[PlyCount "120"]
[EventDate "2018.??.??"]
[WhiteTeam "SK Endingen"]
[BlackTeam "SK Endingen"]

1. d4 Nf6 2. Nc3 d5 3. Nf3 e6 4. g3 Bd6 5. Bg2 c5 6. O-O O-O 7. Be3 cxd4 8.
Bxd4 Nc6 9. Re1 e5 10. Bxe5 Nxe5 11. Nxd5 Nc6 12. e4 Nd7 13. Re2 Nde5 14. Qe1
Bg4 15. Qc3 Rc8 16. h3 Nxf3+ 17. Bxf3 Be5 18. Qe3 Bxf3 19. Rd2 Bh5 20. c3 Bb8
21. f4 f6 22. f5 Ne5 23. Rg2 Nc4 24. Qf2 Re8 25. Re1 Bf7 26. Nf4 Qb6 27. Qxb6
Nxb6 28. Nd3 Bxa2 29. g4 Bc4 30. Nb4 Rcd8 31. h4 Bb3 32. g5 fxg5 33. hxg5 Rd1
34. Rxd1 Bxd1 35. f6 Rxe4 36. Nd3 Rg4 37. Rxg4 Bxg4 38. fxg7 Kxg7 39. Nc5 Bf3
40. Kf2 Bc6 41. b4 Nd5 42. Ne6+ Kf7 43. Nd8+ Ke7 44. Nxc6+ bxc6 45. c4 Nxb4 46.
Kf3 c5 47. Kg4 a5 48. Kh5 a4 49. Kh6 Bf4 50. Kxh7 Bxg5 51. Kg6 a3 52. Kxg5 a2
53. Kf4 a1=Q 54. Ke4 Ke6 55. Kf4 Qe5+ 56. Kf3 Kf5 57. Kf2 Kg4 58. Kg2 Qe2+ 59.
Kg1 Kg3 60. Kh1 Qg2# 0-1

[Event "Bad. Jug-EM 2018 U18w - U16w"]
[Site "Karlsruhe-Durlach"]
[Date "2018.01.05"]
[Round "6.3"]
[White "Lohrmann, Tabea"]
[Black "Hartmann, Cora"]
[Result "1/2-1/2"]
[WhiteElo "1638"]
[BlackElo "1842"]
[PlyCount "62"]
[EventDate "2018.??.??"]
[WhiteTeam "SC Waldkirch"]
[BlackTeam "SV Walldorf"]

1. e4 d5 2. exd5 Qxd5 3. Nc3 Qa5 4. d4 c6 5. Bc4 Nf6 6. Bd2 Bf5 7. Nf3 e6 8.
Qe2 Bb4 9. O-O-O Nbd7 10. a3 Bxc3 11. Bxc3 Qc7 12. Ne5 Nxe5 13. dxe5 Nd5 14.
Bd2 O-O-O 15. g4 Bg6 16. f4 h5 17. h3 Qb6 18. Rhf1 hxg4 19. hxg4 Rh4 20. Rh1
Rdh8 21. Rxh4 Rxh4 22. Rf1 Qd4 23. Bb3 Qe4 24. Qxe4 Bxe4 25. g5 Kc7 26. Bxd5
cxd5 27. Be3 a6 28. Kd2 Rh2+ 29. Rf2 Rh1 30. Kc3 Kc6 31. a4 Ra1 1/2-1/2

[Event "Bad. Jug-EM 2018 U18w - U16w"]
[Site "Karlsruhe-Durlach"]
[Date "2018.01.05"]
[Round "6.4"]
[White "Ehmann, Johanna"]
[Black "Grining, Maria"]
[Result "1/2-1/2"]
[WhiteElo "1712"]
[BlackElo "1658"]
[PlyCount "79"]
[EventDate "2018.??.??"]
[WhiteTeam "SF Sasbach"]
[BlackTeam "Karlsruher SF"]

1. e4 c6 2. c4 d5 3. exd5 cxd5 4. cxd5 Nf6 5. Qa4+ Nbd7 6. Nc3 g6 7. Nf3 Bg7 8.
Bc4 O-O 9. d3 a6 10. Qa3 b6 11. O-O Bb7 12. Re1 b5 13. Bb3 Re8 14. Ng5 h6 15.
Nge4 Nb6 16. Nxf6+ exf6 17. Rxe8+ Qxe8 18. Be3 Qd8 19. Bxb6 Qxb6 20. Qb4 Bf8
21. Qf4 Re8 22. d4 Bd6 23. Qh4 f5 24. g3 Kg7 25. Rd1 Be7 26. Qf4 Bg5 27. Qf3
Bf6 28. Qd3 Qd6 29. a3 Qb6 30. Qd2 Bg5 31. Qd3 Bf6 32. Ba2 Qd6 33. Qc2 Qb6 34.
Ne2 Re4 35. Qd3 Bg5 36. b4 Qd6 37. Bb3 Qb6 38. Qc2 Bf6 39. Qd3 Bg5 40. Ba2
1/2-1/2

[Event "Bad. Jug-EM 2018 U18"]
[Site "Karlsruhe-Durlach"]
[Date "2018.01.05"]
[Round "6.1"]
[White "Wegmer, Leon"]
[Black "Schmohel, Andreas"]
[Result "0-1"]
[WhiteElo "1744"]
[BlackElo "1733"]
[PlyCount "59"]
[EventDate "2018.??.??"]
[WhiteTeam "Karlsruher SF"]
[BlackTeam "SC Viernheim"]

1. e4 e5 2. Nf3 Nc6 3. Bc4 Nf6 4. d3 Bc5 5. c3 a6 6. Nbd2 Ba7 7. Nf1 d6 8. Bb3
Be6 9. Bc2 Ne7 10. Ng3 Ng6 11. O-O Qd7 12. h3 h5 13. d4 h4 14. Nf5 O-O-O 15.
dxe5 Nxe4 16. Nxg7 Ng3 17. Re1 Bxh3 18. Be3 Bxe3 19. Rxe3 Nf5 20. Nxf5 Bxf5 21.
Bxf5 Qxf5 22. exd6 Rxd6 23. Qe2 Nf4 24. Re8+ Rxe8 25. Qxe8+ Rd8 26. Qe1 Rg8 27.
g3 hxg3 28. fxg3 Rxg3+ 29. Kf2 Rxf3+ 30. Kxf3 0-1

[Event "Bad. Jug-EM 2018 U18"]
[Site "Karlsruhe-Durlach"]
[Date "2018.01.05"]
[Round "6.2"]
[White "Lachenicht, Tim"]
[Black "Schrepp, Florian"]
[Result "0-1"]
[WhiteElo "1746"]
[BlackElo "1833"]
[PlyCount "82"]
[EventDate "2018.??.??"]
[WhiteTeam "SK Gernsbach"]
[BlackTeam "SC Ketsch"]

1. e4 g6 2. d4 Bg7 3. c3 c6 4. Nf3 d5 5. exd5 cxd5 6. Bd3 Nf6 7. O-O O-O 8. Bf4
Nc6 9. Nbd2 Nh5 10. Be3 Qc7 11. Re1 Re8 12. Qb3 Rd8 13. Rad1 h6 14. a4 Be6 15.
Qa3 Rac8 16. Ne5 Nxe5 17. dxe5 Bxe5 18. Nf3 Bd6 19. Qa1 Bg4 20. Be2 Nf4 21.
Bxa7 Nxe2+ 22. Rxe2 Bxh2+ 23. Kh1 Bxf3 24. gxf3 Ra8 25. Be3 Bf4 26. Kg2 Bxe3
27. Rxe3 b5 28. Rd4 e5 29. Rb4 d4 30. cxd4 exd4 31. Rd3 Qc5 32. Qe1 Rxa4 33.
Rbb3 Rc4 34. Qd2 Rd5 35. f4 Rf5 36. Rg3 Rc2 37. Qd3 Rxf4 38. Rxg6+ Kf8 39. Rxb5
Rcxf2+ 40. Kg1 Qc1+ 41. Qd1 Qxd1# 0-1

[Event "Bad. Jug-EM 2018 U18"]
[Site "Karlsruhe-Durlach"]
[Date "2018.01.05"]
[Round "6.3"]
[White "Elms, Robert"]
[Black "Hatzenbühler, Kevin"]
[Result "1-0"]
[WhiteElo "1943"]
[BlackElo "1602"]
[PlyCount "55"]
[EventDate "2018.??.??"]
[WhiteTeam "SC Iffezheim"]
[BlackTeam "OSG Baden-Baden"]

1. e4 d6 2. d4 Nf6 3. Nc3 e5 4. Nf3 exd4 5. Nxd4 Be7 6. Be2 O-O 7. Bf4 Re8 8.
Qd2 Bf8 9. Bg5 Nbd7 10. O-O-O h6 11. Bh4 Nc5 12. f3 Be7 13. g4 Nh7 14. Bxe7
Qxe7 15. h4 c6 16. Rdg1 Nf8 17. Bc4 Be6 18. Nxe6 fxe6 19. f4 d5 20. Bd3 e5 21.
f5 dxe4 22. Bc4+ Kh8 23. g5 h5 24. Qe2 Nfe6 25. Qxh5+ Kg8 26. fxe6 Rf8 27. g6
Nxe6 28. Qh7# 1-0

[Event "Bad. Jug-EM 2018 U18"]
[Site "Karlsruhe-Durlach"]
[Date "2018.01.05"]
[Round "6.4"]
[White "Bachmann, Jonas"]
[Black "Avdagic, Alan"]
[Result "1/2-1/2"]
[WhiteElo "1607"]
[BlackElo "1496"]
[PlyCount "59"]
[EventDate "2018.??.??"]
[WhiteTeam "SC Neumühl"]
[BlackTeam "DJB Steuben Feudenheim"]

1. e4 c5 2. Nf3 d6 3. d4 cxd4 4. Nxd4 Nf6 5. Nc3 g6 6. Be3 Bg7 7. f3 O-O 8. Qd2
Nc6 9. O-O-O d5 10. exd5 Nxd5 11. Nxd5 Qxd5 12. Kb1 Nxd4 13. Bxd4 Rd8 14. Bc3
Qxd2 15. Rxd2 Be6 16. Rxd8+ Rxd8 17. Bd3 Bxc3 18. bxc3 Rd6 19. Re1 Kf8 20. a3
Rb6+ 21. Ka1 Ke8 22. Re4 Kd7 23. Rb4 Kc6 24. Be4+ Bd5 25. Rc4+ Kd6 26. Rd4 e6
27. Bxd5 exd5 28. c4 Kc5 29. Rxd5+ Kxc4 30. Rd3 1/2-1/2

[Event "Bad. Jug-EM 2018 U18"]
[Site "Karlsruhe-Durlach"]
[Date "2018.01.05"]
[Round "6.5"]
[White "Esslinger, Marcel"]
[Black "Acar, Lukas"]
[Result "1-0"]
[WhiteElo "1684"]
[BlackElo "1017"]
[PlyCount "95"]
[EventDate "2018.??.??"]
[WhiteTeam "SC Hornberg"]
[BlackTeam "SF Birkenfeld"]

1. e4 c6 2. d4 d5 3. Nd2 dxe4 4. Nxe4 Nf6 5. Ng3 g6 6. Nf3 Bg7 7. Bf4 O-O 8.
Qd2 Bg4 9. Be2 c5 10. O-O-O Nc6 11. dxc5 Qxd2+ 12. Rxd2 Nh5 13. Nxh5 Bxh5 14.
h3 e5 15. Bh2 Bxf3 16. Bxf3 Bh6 17. Bxc6 Bxd2+ 18. Kxd2 bxc6 19. Bxe5 Rfe8 20.
Bd6 Rad8 21. b4 h6 22. a4 Rd7 23. b5 cxb5 24. axb5 Rc8 25. Ke3 Kh7 26. Ra1 g5
27. Ra6 f6 28. Ke4 Kg6 29. g4 Kf7 30. Kd5 Ke8 31. c6 Rf7 32. c7 Rcxc7 33. Bxc7
Rxc7 34. Rxf6 Rxc2 35. Rxh6 Rxf2 36. Rh8+ Ke7 37. Rh7+ Kf6 38. Rxa7 Rd2+ 39.
Kc6 Rd8 40. b6 Ke6 41. b7 Ke5 42. Ra8 Rd6+ 43. Kc7 Ke6 44. b8=Q Rd7+ 45. Kc6
Rc7+ 46. Qxc7 Kf6 47. Rf8+ Ke6 48. Qd6# 1-0

[Event "Bad. Jug-EM 2018 U16"]
[Site "Karlsruhe-Durlach"]
[Date "2018.01.04"]
[Round "6.1"]
[White "Färber, David"]
[Black "Koll, Lukas"]
[Result "1-0"]
[WhiteElo "2155"]
[BlackElo "1883"]
[PlyCount "77"]
[EventDate "2018.??.??"]
[WhiteTeam "SV Walldorf"]
[BlackTeam "Karlsruher SF"]

1. e4 c6 2. d4 d5 3. Nd2 dxe4 4. Nxe4 Bf5 5. Ng3 Bg6 6. h4 h6 7. Nf3 Nd7 8. h5
Bh7 9. Bd3 Bxd3 10. Qxd3 e6 11. Bd2 Ngf6 12. O-O-O Bd6 13. Kb1 Qc7 14. Ne4 Nxe4
15. Qxe4 Nf6 16. Qe2 O-O-O 17. c4 Rhe8 18. Bc3 Qe7 19. a3 Qf8 20. Ka2 Nd7 21.
g3 f6 22. Nh4 e5 23. d5 c5 24. Nf5 Nb6 25. Ba5 Rd7 26. Bxb6 axb6 27. Qg4 Kc7
28. Rhe1 Qf7 29. Re3 Ra8 30. Rd2 Ra5 31. Qe2 Ra8 32. Re4 Bf8 33. f4 exf4 34.
d6+ Kb8 35. Re7 Bxe7 36. dxe7 Kc7 37. Rxd7+ Kxd7 38. Qd3+ Kc8 39. Qd8# 1-0

[Event "Bad. Jug-EM 2018 U16"]
[Site "Karlsruhe-Durlach"]
[Date "2018.01.05"]
[Round "6.2"]
[White "Schneider, Edward"]
[Black "Schmider, Niklas"]
[Result "0-1"]
[WhiteElo "1658"]
[BlackElo "2128"]
[PlyCount "112"]
[EventDate "2018.??.??"]
[WhiteTeam "SF Sasbach"]
[BlackTeam "SK Lahr"]

1. e4 c5 2. Nf3 d6 3. d4 cxd4 4. Nxd4 Nf6 5. f3 e5 6. Nb3 Be6 7. c4 Nbd7 8. Nc3
Rc8 9. Nd5 b5 10. cxb5 Bxd5 11. exd5 Nb6 12. Bd3 Nbxd5 13. O-O Be7 14. Bd2 O-O
15. Qe2 Re8 16. Bf5 Qb6+ 17. Kh1 Rb8 18. a4 g6 19. Bd3 Nh5 20. g3 Rec8 21. Rac1
Kg7 22. Rfe1 f5 23. Rc2 Rxc2 24. Bxc2 Nhf6 25. Bd3 Bd8 26. Qg2 Qb7 27. Bc4 e4
28. fxe4 fxe4 29. Na1 Bb6 30. Nc2 Ne7 31. Bc3 d5 32. Bb3 Rf8 33. a5 Bc5 34. Ba4
Nf5 35. b4 Bd6 36. a6 Qc7 37. Qd2 Be5 38. Nd4 Nxd4 39. Bxd4 Bxd4 40. Qxd4 Rd8
41. Rf1 Rd6 42. Bb3 Qe7 43. Rc1 h5 44. Kg2 Kh7 45. Qc5 e3 46. Qc7 Rd7 47. Qf4
e2 48. Re1 d4 49. Bc4 d3 50. Kf2 Ng4+ 51. Kg2 d2 52. Rxe2 d1=Q 53. Rxe7+ Rxe7
54. h3 Qc2+ 55. Kg1 Re1+ 56. Bf1 Qh2# 0-1

[Event "Bad. Jug-EM 2018 U16"]
[Site "Karlsruhe-Durlach"]
[Date "2018.01.05"]
[Round "6.3"]
[White "Fidlin, Simon"]
[Black "Chernykh, Arkady"]
[Result "0-1"]
[WhiteElo "1841"]
[BlackElo "2039"]
[PlyCount "42"]
[EventDate "2018.??.??"]
[WhiteTeam "Karlsruher SF"]
[BlackTeam "Karlsruher SF"]

1. e4 c5 2. Nf3 d6 3. d4 cxd4 4. Nxd4 Nf6 5. Nc3 a6 6. Be3 e5 7. Nb3 Be7 8. h3
Be6 9. f4 Nc6 10. f5 Bxb3 11. axb3 b5 12. Qf3 Nb4 13. Qf2 O-O 14. O-O-O Qa5 15.
Kb1 Rab8 16. Bd3 Rfc8 17. g4 d5 18. exd5 Rxc3 19. bxc3 Qa2+ 20. Kc1 Nxd3+ 21.
Rxd3 Ne4 0-1

[Event "Bad. Jug-EM 2018 U16"]
[Site "Karlsruhe-Durlach"]
[Date "2018.01.05"]
[Round "6.4"]
[White "Meier, Marlon"]
[Black "Salwasser, Christian"]
[Result "1-0"]
[WhiteElo "1796"]
[BlackElo "1519"]
[PlyCount "95"]
[EventDate "2018.??.??"]
[WhiteTeam "SK Gernsbach"]
[BlackTeam "SC Rastatt"]

1. e4 e5 2. Nf3 Nc6 3. Bc4 Bc5 4. c3 Nf6 5. d4 exd4 6. cxd4 Bb4+ 7. Nbd2 Bxd2+
8. Bxd2 Nxe4 9. d5 Nxd2 10. Qxd2 Qe7+ 11. Kf1 Qb4 12. Re1+ Kf8 13. Qe2 Ne7 14.
Nd4 g6 15. Nb5 Nf5 16. Nxc7 Rb8 17. d6 Qxd6 18. Qe8+ Kg7 19. Qxf7+ Kh6 20. Nb5
Qf8 21. Qd5 Qf6 22. g4 Ne7 23. g5+ Qxg5 24. Qxg5+ Kxg5 25. Rxe7 a6 26. Rg1+ Kf6
27. Rf7+ Ke5 28. Rg5+ Ke4 29. f3+ Ke3 30. Re5+ Kd2 31. Re2+ Kc1 32. Nd4 b5 33.
Bd3 Kd1 34. Bc2+ Kc1 35. Nb3+ Kxb2 36. Bxg6+ Kc3 37. Rc2+ Kb4 38. Rf4+ Ka3 39.
Nd2 b4 40. Bf7 Ka4 41. Rf5 d5 42. Rxd5 Rb5 43. Rd6 Bh3+ 44. Kf2 Rc8 45. Bb3+
Ka5 46. Rxc8 Be6 47. Rxe6 Rc5 48. Rxc5# 1-0

[Event "Bad. Jug-EM 2018 U16"]
[Site "Karlsruhe-Durlach"]
[Date "2018.01.05"]
[Round "6.5"]
[White "Wellenreich, Tim"]
[Black "Doll, Alexander"]
[Result "0-1"]
[WhiteElo "1626"]
[BlackElo "1845"]
[PlyCount "98"]
[EventDate "2018.??.??"]
[WhiteTeam "SSV Bruchsal"]
[BlackTeam "SC Untergrombach"]

1. e4 e5 2. Nf3 Nc6 3. d4 exd4 4. Nxd4 Nf6 5. Nxc6 bxc6 6. Bd3 d5 7. exd5 cxd5
8. O-O Be7 9. Bf4 O-O 10. Nd2 Bb7 11. Qf3 Rb8 12. Qg3 Nh5 13. Qh3 g6 14. Bh6
Re8 15. b3 Bb4 16. Rae1 Rxe1 17. Rxe1 c5 18. Re2 Qf6 19. Qe3 Ng7 20. Qe5 Qxe5
21. Rxe5 Ne6 22. Nf3 Bc3 23. Re2 c4 24. bxc4 dxc4 25. Bxc4 Ba6 26. Bxa6 Rb1+
27. Ne1 Bxe1 28. g3 Bd2+ 29. Kg2 Bxh6 30. Bc4 Rb6 31. Bd3 Kf8 32. a4 Ke7 33.
Re4 Bg7 34. Bc4 Rb4 35. Bd5 Rxe4 36. Bxe4 Kd6 37. c4 Nc7 38. Kf3 Kc5 39. Bd3
Kb4 40. Ke4 Kxa4 41. Be2 Kb4 42. Kd3 a5 43. Kc2 Ne6 44. Bd3 a4 45. Kc1 Nd4 46.
Kb1 Kc3 47. Bf1 a3 48. f4 Kb3 49. Bd3 a2+ 0-1

[Event "Bad. Jug-EM 2018 U16"]
[Site "Karlsruhe-Durlach"]
[Date "2018.01.05"]
[Round "6.6"]
[White "Preuß, Julian"]
[Black "Naß, Maximilian"]
[Result "0-1"]
[WhiteElo "1236"]
[BlackElo "1675"]
[PlyCount "68"]
[EventDate "2018.??.??"]
[WhiteTeam "SC Villingen-Schwenningen"]
[BlackTeam "SC Ersingen"]

1. d4 d5 2. c4 e6 3. Nc3 Nf6 4. Nf3 Nbd7 5. e3 Bb4 6. Bd3 c6 7. O-O O-O 8. Qc2
Re8 9. a3 Bxc3 10. bxc3 e5 11. dxe5 Nxe5 12. Nxe5 Rxe5 13. cxd5 Rxd5 14. Be2
Bf5 15. Qb3 Bd3 16. Bxd3 Rxd3 17. Bb2 Qc7 18. Rad1 Rad8 19. Rxd3 Rxd3 20. Qc2
Ng4 21. g3 Qd6 22. Bc1 Qh6 23. h4 Qd6 24. Kg2 Qd5+ 25. Kg1 Ne5 26. f4 Nc4 27.
Qe2 Nd2 28. e4 Qxe4 29. Qxe4 Nxe4 30. Re1 Rxc3 31. Bb2 Rxg3+ 32. Kh2 Rb3 33.
Bxg7 Kxg7 34. Rxe4 Rxa3 0-1

[Event "Bad. Jug-EM 2018 U16"]
[Site "Karlsruhe-Durlach"]
[Date "2018.01.05"]
[Round "6.7"]
[White "Metzinger, Hannes"]
[Black "Trunk, Mika"]
[Result "1-0"]
[WhiteElo "1574"]
[BlackElo "1572"]
[PlyCount "65"]
[EventDate "2018.??.??"]
[WhiteTeam "SK Ottenau"]
[BlackTeam "BG Buchen"]

1. e4 e5 2. Nf3 Nc6 3. d4 exd4 4. Bc4 Bc5 5. c3 Bb6 6. cxd4 d6 7. O-O Bg4 8.
Be3 Qe7 9. Nc3 Nf6 10. Re1 O-O 11. e5 dxe5 12. dxe5 Bxe3 13. Rxe3 Nd7 14. Nd5
Qd8 15. Qe2 Bxf3 16. gxf3 Na5 17. Bd3 Nc6 18. f4 g6 19. Rh3 Nd4 20. Qg4 Nxe5
21. fxe5 Qxd5 22. Re1 Qe6 23. Qh4 h5 24. Ree3 Qg4+ 25. Qxg4 hxg4 26. Rhg3 Kg7
27. Rxg4 Ne6 28. f4 Rh8 29. f5 Nf8 30. e6 fxe6 31. fxe6 Rh6 32. e7 Nd7 33. Rd4
1-0

[Event "Bad. Jug-EM 2018 U16"]
[Site "Karlsruhe-Durlach"]
[Date "2018.01.05"]
[Round "6.8"]
[White "Schwab, Norman"]
[Black "Scheid, Lennart"]
[Result "1-0"]
[WhiteElo "1374"]
[BlackElo "1518"]
[PlyCount "67"]
[EventDate "2018.??.??"]
[WhiteTeam "FSF 1887 Zähringen"]
[BlackTeam "SK Ladenburg"]

1. e4 e5 2. Nf3 Nf6 3. Nc3 Nc6 4. d4 exd4 5. Nxd4 Bb4 6. Nxc6 bxc6 7. Bd3 O-O
8. O-O Re8 9. Re1 d5 10. exd5 Rxe1+ 11. Qxe1 cxd5 12. a3 Ba5 13. Qe5 Bxc3 14.
Qxc3 Ne4 15. Bxe4 dxe4 16. h3 Bb7 17. Be3 Qd6 18. Qb4 Bc6 19. Qxd6 cxd6 20. Rd1
d5 21. c4 a6 22. cxd5 Rd8 23. d6 f5 24. Bb6 Rd7 25. Bc7 g5 26. Rc1 Bd5 27. Rc5
Be6 28. Ra5 Kf7 29. Rxa6 Kg6 30. b4 h5 31. Ra8 g4 32. Re8 Kf7 33. Rh8 Kg6 34.
b5 1-0

[Event "Bad. Jug-EM 2018 U16"]
[Site "Karlsruhe-Durlach"]
[Date "2018.01.05"]
[Round "6.9"]
[White "Theilig, Maximilian"]
[Black "Fließ, Justin"]
[Result "1/2-1/2"]
[WhiteElo "1404"]
[BlackElo "1368"]
[PlyCount "164"]
[EventDate "2018.??.??"]
[WhiteTeam "SC Viernheim"]
[BlackTeam "Neckarsteinach"]

1. d4 e5 2. dxe5 Nc6 3. Nf3 Qe7 4. Bg5 f6 5. exf6 Nxf6 6. Nc3 Ne5 7. a3 b6 8.
Nd5 Nxf3+ 9. gxf3 Qd8 10. e4 c6 11. Ne3 Bb7 12. e5 h6 13. Bh4 g5 14. Bg3 Nh5
15. Qd3 Qe7 16. Qg6+ Qf7 17. Qxf7+ Kxf7 18. Bc4+ Ke8 19. Rg1 Bg7 20. O-O-O Rf8
21. e6 d5 22. Bd3 Nf4 23. Bxf4 Rxf4 24. Nf5 Kf8 25. Rde1 Rxf5 26. Bxf5 Ke7 27.
Bh3 Rf8 28. Bg4 c5 29. Bh5 Bd4 30. Re2 Rf4 31. Rg4 Rxf3 32. Rxg5 hxg5 33. Bxf3
Bg7 34. c4 Bh6 35. Kc2 Bc6 36. Bxd5 Be8 37. Be4 Bg7 38. b3 Bd4 39. Kd3 Bh5 40.
f3 Be8 41. Kd2 Bb2 42. a4 Bf6 43. Ke1 Bd4 44. Kf1 a6 45. Kg2 Bf6 46. Kg3 Bh5
47. Bd5 Bc3 48. Rf2 Be1 49. Kg2 Bxf2 50. Kxf2 Bg6 51. Be4 Be8 52. Ke3 Kxe6 53.
f4 gxf4+ 54. Kxf4 Kf6 55. h4 b5 56. cxb5 axb5 57. a5 c4 58. bxc4 bxc4 59. a6 c3
60. a7 Bc6 61. Bxc6 c2 62. a8=Q c1=Q+ 63. Kf3 Qf1+ 64. Kg3 Qe1+ 65. Kg2 Qe2+
66. Kh1 Qf1+ 67. Kh2 Qf4+ 68. Kh3 Qf5+ 69. Kg3 Qe5+ 70. Kf3 Qc3+ 71. Ke2 Qc2+
72. Ke1 Qc3+ 73. Kd1 Qb3+ 74. Kc1 Qc3+ 75. Kb1 Qb3+ 76. Ka1 Qc3+ 77. Ka2 Qc4+
78. Ka3 Qc3+ 79. Ka4 Qa1+ 80. Kb5 Qxa8 81. Bxa8 Kg7 82. Bf3 Kh8 1/2-1/2

[Event "Bad. Jug-EM 2018 U14W"]
[Site "Karlsruhe-Durlach"]
[Date "2018.01.04"]
[Round "6.1"]
[White "Basovskiy, Jana"]
[Black "Henninger, Claire"]
[Result "1/2-1/2"]
[WhiteElo "1775"]
[BlackElo "1142"]
[PlyCount "135"]
[EventDate "2018.??.??"]
[WhiteTeam "SK Mannheim"]
[BlackTeam "SK Endingen"]

1. e4 c6 2. d4 d5 3. Nc3 dxe4 4. Nxe4 Bf5 5. Ng3 Bg6 6. h4 h6 7. Nf3 Nf6 8. h5
Bh7 9. Bd3 Bxd3 10. Qxd3 e6 11. Bf4 Bd6 12. Bxd6 Qxd6 13. O-O-O O-O 14. Kb1
Nbd7 15. Ne4 Qd5 16. Ng3 Rfe8 17. Qe2 b5 18. Rh2 Rad8 19. Ne1 e5 20. dxe5 Qxe5
21. Qxe5 Nxe5 22. Nd3 Nxd3 23. cxd3 Ng4 24. Rh4 Nxf2 25. Rc1 Rxd3 26. Nf5 Rd1
27. Rxd1 Nxd1 28. Rg4 Re1 29. Kc2 Ne3+ 30. Nxe3 Rxe3 31. Kd2 Re5 32. Rh4 Kh7
33. Kd3 g6 34. hxg6+ Kxg6 35. Rf4 Rg5 36. g4 h5 37. gxh5+ Rxh5 38. Re4 Rh2 39.
Kc3 Kf5 40. Re7 Rh3+ 41. Kc2 Rh2+ 42. Kc3 f6 43. Rxa7 Ke4 44. Re7+ Kd5 45. Rf7
Ke6 46. Rc7 Kd6 47. Rf7 Rf2 48. a3 f5 49. Rf6+ Kd5 50. Rf8 f4 51. Rd8+ Ke6 52.
Re8+ Kd5 53. Rd8+ Ke6 54. Re8+ Kd7 55. Rf8 f3 56. Rf6 Rf1 57. Kd2 Rf2+ 58. Ke1
Rxb2 59. Rxf3 b4 60. axb4 Rxb4 61. Kd2 Kd6 62. Kc3 Ra4 63. Rf5 Kc7 64. Kb3 Rd4
65. Kc3 Rh4 66. Rg5 Kb6 67. Rf5 Ra4 68. Rh5 1/2-1/2

[Event "Bad. Jug-EM 2018 U14W"]
[Site "Karlsruhe-Durlach"]
[Date "2018.01.05"]
[Round "6.2"]
[White "Doll, Rebecca"]
[Black "Schneider, Katharina"]
[Result "1/2-1/2"]
[WhiteElo "1515"]
[BlackElo "1650"]
[PlyCount "110"]
[EventDate "2018.??.??"]
[WhiteTeam "SC Untergrombach"]
[BlackTeam "SF Sasbach"]

1. e4 e5 2. Nf3 Nc6 3. Bc4 Bc5 4. c3 Nf6 5. d3 a6 6. O-O Ba7 7. Re1 d6 8. Bb3
h6 9. Nbd2 O-O 10. h3 Be6 11. Bc2 Ne7 12. Nf1 Ng6 13. d4 c6 14. Be3 Re8 15. Ng3
Qe7 16. Qe2 Qc7 17. c4 d5 18. c5 Rad8 19. b4 exd4 20. Bxd4 Nxe4 21. Nxe4 dxe4
22. Bxe4 Bd5 23. Qc2 Bxe4 24. Rxe4 Bb8 25. Rae1 Rxe4 26. Qxe4 Qf4 27. Qxf4 Bxf4
28. g3 Bc7 29. Kf1 Kf8 30. Ke2 Ne7 31. Be5 Bxe5 32. Nxe5 Nd5 33. a3 Nc3+ 34.
Kf3 Nb5 35. Re3 f6 36. Nc4 Rd1 37. a4 Nd4+ 38. Kg4 Nc2 39. Re4 Rd4 40. Rxd4
Nxd4 41. Nd6 Nc2 42. b5 axb5 43. axb5 cxb5 44. Nxb5 Nb4 45. Nd6 Nd3 46. Nxb7
Nxf2+ 47. Kf5 Nxh3 48. Nd8 Ke7 49. Ne6 g6+ 50. Kxg6 Kxe6 51. c6 Ng5 52. c7 Kd7
53. Kxf6 Ne4+ 54. Kg6 Nxg3 55. Kxh6 Kxc7 1/2-1/2

[Event "Bad. Jug-EM 2018 U14W"]
[Site "Karlsruhe-Durlach"]
[Date "2018.01.05"]
[Round "6.3"]
[White "Visvikis, Kassandra"]
[Black "Varbanova, Joanna"]
[Result "1-0"]
[WhiteElo "1510"]
[BlackElo "1171"]
[PlyCount "89"]
[EventDate "2018.??.??"]
[WhiteTeam "OSG Baden-Baden"]
[BlackTeam "SK Ettlingen"]

1. e4 e5 2. Nf3 Nc6 3. Bc4 Bc5 4. c3 d6 5. d3 Bg4 6. Nbd2 Nf6 7. O-O O-O 8. h3
Bh5 9. Re1 d5 10. Bb3 Qd6 11. Nf1 dxe4 12. dxe4 Qxd1 13. Bxd1 Rad8 14. Bg5 Rd6
15. Ng3 Bg6 16. Bc2 Re8 17. a4 a5 18. Rad1 Nd7 19. Nh4 Nb6 20. Nhf5 Rd7 21. Be3
Bxe3 22. Nxe3 Red8 23. Rxd7 Rxd7 24. Rd1 h6 25. Rxd7 Nxd7 26. Nd5 Nf6 27. Nxc7
Kf8 28. Nb5 Ke7 29. f3 Nd7 30. Na3 Bh7 31. Nc4 g6 32. Ne3 Ke6 33. Bb3+ Kf6 34.
h4 Nc5 35. Bc2 Ke6 36. h5 Kf6 37. hxg6 fxg6 38. Nd5+ Kg5 39. Nf1 Bg8 40. Nfe3
Kh4 41. Kh2 Be6 42. g3+ Kg5 43. f4+ Kh5 44. Bd1+ Bg4 45. Bxg4# 1-0